Statistiques concernant Trouvez les joueurs NBA grâce a ces photos

Cliquez ici pour prendre le quiz!

Statistiques générales

  • Ce quiz a été pris 1 957 fois
  • Le résultat moyen est 13 sur 16

Statistiques - réponses

Réponse% Correct
LeBron James
100%
Kobe Bryant
90%
Michael Jordan
88%
Stephen Curry
88%
Kevin Durant
87%
Rudy Gobert
86%
Kareem Abdul-Jabbar
81%
Shaquille O'Neal
81%
Tim Duncan
80%
Zion Williamson
80%
Ja Morant
79%
Wilt Chamberlain
79%
Allen Iverson
76%
Vince Carter
76%
Russell Westbrook
73%
Rudy Gay
29%

Distribution des résultats

Percentile par nombre de réponses

% des personnes avec chaque résultat

Votre développement - résultats

Vous n’avez pas pris ce quiz